Представление документа в формате MARC21

Поле Инд. ПП Название Значение
Тип записи m
Библиографический уровень m
001 Контрольный номер 9b1694e9df064e10adbbcf6433ae57cd
005 Дата корректировки 20160316162130.7
008 Кодируемые данные 160218|||||||||ru||||||||||||||||||rus||
040 b Код языка каталог. rus
e Правила каталог. PSBO
041 0_ a Код языка текста rus
084 a Индекс другой классификации/Индекс ББК 63.3(2)
090 x Авторский знак О-82
245 10 a Заглавие Отечественная история ("История")
b Продолж. заглавия метод. указания и контрол. задания для всех направлений бакалавриата заоч. формы обучения
c Ответственность Федер. агентство по рыболовству, ФГБОУ ВПО "Мурман. гос. техн. ун-т", Каф. философии, истории и социологии ; сост. Л. Л. Вальц, А. К. Порцель
h Физич. носитель Электронный ресурс
256 a Характеристики компьютерного файла Электрон. текстовые дан. (1 файл : 515 Кб)
260 a Место издания Мурманск
b Издательство Изд-во МГТУ
c Дата издания 2015
500 10 a Примечание Доступ из локальной сети Мурман. гос. техн. ун-та. - Загл. с экрана
583 x Служебное примечание Полнотекстовые документы
x Служебное примечание Труды преподавателей МГТУ
z Открытое примечание Для студентов всех специальностей
653 1_ a Ключевые слова История России 6-21 вв.
a Ключевые слова Методические указания
a Ключевые слова Отечественная история
a Ключевые слова Труды преподавателей МГТУ
a Ключевые слова Электронные версии
856 0_ u URL https://elib.mauniver.ru/2015/M_15_38.pdf
901 t Тип документа m
952 c Вид литературы учебно-методическое издание